header

Separation methods for nucleic acids and oligonucleotides / (Record no. 263846)

MARC details
000 -LEADER
fixed length control field 00583nam a22001817a 4500
003 - CONTROL NUMBER IDENTIFIER
control field OSt
005 - DATE AND TIME OF LATEST TRANSACTION
control field 20240612133320.0
008 - FIXED-LENGTH DATA ELEMENTS--GENERAL INFORMATION
fixed length control field 240612b xxu||||| |||| 00| 0 eng d
010 ## - LIBRARY OF CONGRESS CONTROL NUMBER
LC control number 75025839
020 ## - INTERNATIONAL STANDARD BOOK NUMBER
International Standard Book Number 0444108688
040 ## - CATALOGING SOURCE
Transcribing agency DLC
050 ## - LIBRARY OF CONGRESS CALL NUMBER
Classification number QD63
Item number .S4 G68
100 ## - MAIN ENTRY--PERSONAL NAME
Personal name Gould, H.
Fuller form of name (Hannah)
245 ## - TITLE STATEMENT
Title Separation methods for nucleic acids and oligonucleotides /
Statement of responsibility, etc Hannah Gould and H. R. Matthews.
260 ## - PUBLICATION, DISTRIBUTION, ETC. (IMPRINT)
Place of publication, distribution, etc Amsterdam :
-- New York :
Name of publisher, distributor, etc North-Holland Pub. Co. ;
-- American Elsevier Pub. Co.,
Date of publication, distribution, etc 1976.
300 ## - PHYSICAL DESCRIPTION
Extent 209-491 :
Other physical details ill. ;
Dimensions 20 cm.
942 ## - ADDED ENTRY ELEMENTS (KOHA)
Source of classification or shelving scheme Library of Congress Classification
Koha item type Long Loan Books
Holdings
Withdrawn status Lost status Source of classification or shelving scheme Damaged status Not for loan Collection code Home library Current library Shelving location Date acquired Total Checkouts Full call number Barcode Date last seen Price effective from Koha item type
    Library of Congress Classification     Non-fiction Rongo University Library Rongo University Library General Stacks 12/06/2024   QD63 .S4 G68 20088442 12/06/2024 12/06/2024 Long Loan Books

© 2026 Rongo University
Contact us: librarian | system librarian | Rongo university